[Event "Schuhplattler Ladies-Veterans"]
[Site "Munich GER"]
[Date "2000.07.04"]
[Round "1"]
[White "Galliamova-Ivanchuk, Alisa"]
[Black "Smyslov, Vassily"]
[Result "1/2-1/2"]
[WhiteElo "2526"]
[BlackElo "2486"]
[EventDate "2000.07.04"]
[PlyCount "68"]

1.d4 d5 2.c4 c6 3.Nf3 Nf6 4.e3 Bf5 5.Nc3 e6 6.Nh4 Bg6 7.Nxg6 hxg6 8.Qc2 
Nbd7 9.Bd2 Rc8 10.e4 dxc4 11.Bxc4 Nb6 12.Qd3 Nxc4 13.Qxc4 b5 14.Qd3 e5 15.
Ne2 Qd7 16.O-O c5 17.d5 c4 18.Qc3 Nxe4 19.Qxe5+ Qe7 20.Qd4 Nxd2 21.Qxd2 
Qh4 22.h3 Bd6 23.Nc3 Qf4 24.Qxf4 Bxf4 25.Nxb5 Rh5 26.Rfe1+ Kd7 27.Re4 Bd2 
28.Rd1 Rxd5 29.Rd4 Rxd4 30.Nxd4 Bf4 31.Nb5+ Ke6 32.Nxa7 Ra8 33.Nc6 Rxa2 
34.g3 Bc7 1/2-1/2

[Event "Schuhplattler Ladies-Veterans"]
[Site "Munich GER"]
[Date "2000.07.04"]
[Round "1"]
[White "Xie Jun"]
[Black "Bouwmeester, Hans"]
[Result "1/2-1/2"]
[WhiteElo "2568"]
[BlackElo "2414"]
[EventDate "2000.07.04"]
[PlyCount "76"]

1.e4 e5 2.Nf3 Nc6 3.Bc4 Bc5 4.c3 Nf6 5.d3 d6 6.O-O h6 7.Nbd2 O-O 8.Bb3 a5 
9.Re1 Be6 10.Nf1 Bxb3 11.Qxb3 a4 12.Qd1 Re8 13.Ng3 d5 14.Qe2 Bf8 15.h3 Qd7
16.Nh2 dxe4 17.dxe4 Red8 18.a3 Qd3 19.Ng4 Ne8 20.Qxd3 Rxd3 21.Be3 Rad8 22.
Kf1 Nd6 23.Rac1 Nc4 24.Rc2 N6a5 25.Bc1 Bc5 26.Nf5 Nb3 27.Nfe3 Bxe3 28.Nxe3
Nbd2+ 29.Bxd2 Nxd2+ 30.Kg1 Nxe4 31.Nc4 Rd1 32.Re2 Rxe1+ 33.Rxe1 Nd6 34.
Nxe5 f6 35.Ng4 Nf5 36.Kf1 Rd2 37.Re2 Rd1+ 38.Re1 Rd2 1/2-1/2

[Event "Schuhplattler Ladies-Veterans"]
[Site "Munich GER"]
[Date "2000.07.05"]
[Round "2"]
[White "Taimanov, Mark"]
[Black "Xie Jun"]
[Result "1/2-1/2"]
[WhiteElo "2418"]
[BlackElo "2568"]
[EventDate "2000.07.04"]
[PlyCount "70"]

1.c4 g6 2.Nc3 Bg7 3.g3 e5 4.Bg2 Nf6 5.Nf3 d6 6.O-O O-O 7.d3 c5 8.a3 Nc6 9.
Rb1 a5 10.Ne1 Be6 11.Nd5 Bxd5 12.cxd5 Ne7 13.e4 Nd7 14.a4 Kh8 15.Nc2 f5 
16.Na3 Nf6 17.Nc4 f4 18.Qb3 Rb8 19.Qb6 Qxb6 20.Nxb6 g5 21.f3 Nh5 22.Nd7 
fxg3 23.Nxb8 Rxb8 24.Bxg5 gxh2+ 25.Kxh2 Ng6 26.Bh3 Nhf4 27.Bf5 h6 28.Bxf4 
Nxf4 29.Rfd1 Bf6 30.Ra1 Rg8 31.Rg1 Bg5 32.Ra3 Ne2 33.Rg2 Nf4 34.Rg1 Ne2 
35.Rg2 Nf4 1/2-1/2

[Event "Schuhplattler Ladies-Veterans"]
[Site "Munich GER"]
[Date "2000.07.05"]
[Round "2"]
[White "Hort, Vlastimil"]
[Black "Galliamova-Ivanchuk, Alisa"]
[Result "1/2-1/2"]
[WhiteElo "2539"]
[BlackElo "2526"]
[EventDate "2000.07.04"]
[PlyCount "128"]

1.c4 e5 2.Nc3 Nc6 3.g3 g6 4.Bg2 Bg7 5.e4 d6 6.Nge2 h5 7.h4 Bg4 8.f3 Be6 9.
d3 Nh6 10.Bg5 f6 11.Be3 O-O 12.Qd2 Kh7 13.b3 a6 14.Rd1 f5 15.Nd5 Qd7 16.
O-O Rae8 17.Bg5 Nd8 18.Ndc3 Bg8 19.d4 exd4 20.Nxd4 Nc6 21.Nxc6 bxc6 22.
Rfe1 fxe4 23.Nxe4 Nf5 24.Qf2 d5 25.Bc1 Qc8 26.Ng5+ Kh8 27.Bb2 Qd7 28.Rxe8 
Rxe8 29.Bh3 Bxb2 30.Qxb2+ Qg7 31.Qxg7+ Kxg7 32.Kf2 Kf6 33.Bxf5 Kxf5 34.c5 
a5 35.Rd4 Rb8 36.Ra4 d4 37.Rxd4 Bd5 38.Rf4+ Ke5 39.Nf7+ Bxf7 40.Rxf7 Rb5 
41.Rxc7 Rxc5 42.Re7+ Kf6 43.Re4 Rc2+ 44.Re2 Rc3 45.g4 hxg4 46.fxg4 c5 47.
Kg2 c4 48.bxc4 Rxc4 49.Rf2+ Kg7 50.Kg3 Ra4 51.Rb2 Kh6 52.Rg2 Ra3+ 53.Kf4 
Rh3 54.Rg3 Rxh4 55.Ra3 g5+ 56.Kg3 Rh1 57.Rxa5 Rg1+ 58.Kh3 Rc1 59.Ra3 Kg6 
60.Re3 Rc4 61.Rf3 Ra4 62.a3 Kg7 63.Rb3 Kg6 64.Kg3 Kg7 1/2-1/2

[Event "Schuhplattler Ladies-Veterans"]
[Site "Munich GER"]
[Date "2000.07.05"]
[Round "2"]
[White "Bouwmeester, Hans"]
[Black "Ioseliani, Nana"]
[Result "0-1"]
[WhiteElo "2414"]
[BlackElo "2476"]
[EventDate "2000.07.04"]
[PlyCount "86"]

1.d4 f5 2.g3 g6 3.Bg2 Nf6 4.Nf3 Bg7 5.O-O d6 6.c4 O-O 7.Nc3 Qe8 8.d5 Na6 
9.Rb1 c6 10.b4 Bd7 11.dxc6 bxc6 12.Qa4 Nc7 13.Qa5 Ne6 14.e3 g5 15.e4 g4 
16.Nh4 f4 17.Re1 Nh5 18.Nd1 Nd4 19.e5 Qd8 20.Qxd8 Raxd8 21.exd6 exd6 22.
Bd2 f3 23.Bf1 Nc2 24.Re7 Bf6 25.Rxd7 Rxd7 26.Nf5 Bg7 27.Bd3 Nd4 28.Nde3 
Ne2+ 29.Kf1 Nf6 30.b5 cxb5 31.Rxb5 h5 32.Bb4 Ne8 33.Nxg7 Nxg7 34.Rd5 Nc1 
35.Bc2 Nxa2 36.Bxd6 Rfd8 37.c5 Nb4 38.Rd2 Nxc2 39.Rxc2 Ne8 40.Nf5 Nxd6 41.
cxd6 Kf7 42.Rc5 Kf6 43.Ke1 Re8+ 0-1

[Event "Schuhplattler Ladies-Veterans"]
[Site "Munich GER"]
[Date "2000.07.06"]
[Round "3"]
[White "Xie Jun"]
[Black "Smyslov, Vassily"]
[Result "1-0"]
[WhiteElo "2568"]
[BlackElo "2486"]
[EventDate "2000.07.04"]
[PlyCount "133"]

1.e4 e5 2.Nf3 Nc6 3.Bb5 g6 4.c3 a6 5.Ba4 d6 6.d4 Bd7 7.Bb3 h6 8.O-O Bg7 9.
dxe5 dxe5 10.Nbd2 Nge7 11.Nc4 Be6 12.Qe2 O-O 13.Be3 b6 14.Rad1 Qc8 15.Bc1 
Kh7 16.h3 Bxc4 17.Bxc4 Na5 18.Bd3 c5 19.h4 c4 20.Bc2 Qc7 21.h5 Rad8 22.Nh2
Rxd1 23.Rxd1 Rd8 24.Ng4 Rxd1+ 25.Qxd1 Nb7 26.Qf3 Ng8 27.Ne3 Nf6 28.Nd5 
Nxd5 29.exd5 b5 30.Qe4 Qd6 31.Be3 Qf6 32.Qg4 Nd6 33.Qd7 Kg8 34.Qc6 gxh5 
35.Qxa6 Bf8 36.Qc6 e4 37.Qd7 Qe5 38.Qd8 Qe7 39.Qxe7 Bxe7 40.Bxh6 f5 41.Kf1
Kf7 42.Ke2 Ne8 43.Bf4 Nf6 44.d6 Nd5 45.Bh2 Bg5 46.f3 Bf4 47.Bg1 Ke6 48.
fxe4 fxe4 49.Bxe4 Kxd6 50.Bd4 Bc1 51.b3 Bb2 52.Kd2 b4 53.Bxd5 Kxd5 54.Kc2 
Ba3 55.Bf2 bxc3 56.Kxc3 cxb3 57.Kxb3 Bc1 58.Kb4 Bd2+ 59.Kb5 Ke4 60.a4 Kf5 
61.Bh4 Ke6 62.a5 Kd7 63.Kb6 Kc8 64.Bg3 Bg5 65.a6 Be3+ 66.Kc6 Bd4 67.Bd6 
1-0

[Event "Schuhplattler Ladies-Veterans"]
[Site "Munich GER"]
[Date "2000.07.06"]
[Round "3"]
[White "Galliamova-Ivanchuk, Alisa"]
[Black "Kortschnoj, Viktor"]
[Result "0-1"]
[WhiteElo "2526"]
[BlackElo "2620"]
[EventDate "2000.07.04"]
[PlyCount "128"]

1.e4 c6 2.d4 d5 3.Nd2 dxe4 4.Nxe4 Bf5 5.Ng3 Bg6 6.h4 h6 7.Nf3 Nf6 8.Ne5 
Bh7 9.Bd3 Bxd3 10.Qxd3 e6 11.Bd2 Nbd7 12.f4 Be7 13.O-O-O c5 14.Bc3 O-O 15.
Nxd7 Qxd7 16.f5 Qd5 17.b3 Rac8 18.dxc5 Qxc5 19.Bd4 Qa3+ 20.Kb1 Nd5 21.c4 
Nb4 22.Qe2 b5 23.f6 Bxf6 24.Bxf6 gxf6 25.Nh5 f5 26.Nf6+ Kh8 27.Rd2 Rfd8 
28.Qe3 Kg7 29.Nh5+ Kg6 30.Rh3 Rxc4 31.Rg3+ Rg4 32.Rxg4+ fxg4 33.Nf4+ Kf5 
34.Qc5+ e5 35.Rxd8 Qxa2+ 36.Kc1 Qxb3 37.Rd2 Na2+ 38.Rxa2 Qxa2 39.Nd5 Qc4+ 
40.Qxc4 bxc4 41.Kd2 a5 42.Kc3 Ke4 43.Nf6+ Kf4 44.Kxc4 Kg3 45.h5 Kf4 46.Kb5
e4 47.Nd5+ Ke5 48.Ne3 g3 49.Kxa5 f5 50.Kb4 f4 51.Ng4+ Kd4 52.Nxh6 f3 53.
Nf5+ Kd3 54.h6 fxg2 55.h7 g1=Q 56.h8=Q Qb6+ 57.Ka4 Qa6+ 58.Kb4 Qc4+ 59.Ka3
Qc5+ 60.Kb3 Qb5+ 61.Ka2 Qxf5 62.Qh1 Qf2+ 63.Kb3 g2 64.Qh3+ Ke2 0-1

[Event "Schuhplattler Ladies-Veterans"]
[Site "Munich GER"]
[Date "2000.07.07"]
[Round "4"]
[White "Smyslov, Vassily"]
[Black "Ioseliani, Nana"]
[Result "1/2-1/2"]
[WhiteElo "2486"]
[BlackElo "2476"]
[EventDate "2000.07.04"]
[PlyCount "23"]

1.e4 c5 2.c3 d5 3.exd5 Qxd5 4.d4 e6 5.Nf3 Nf6 6.Be2 cxd4 7.Qxd4 Nc6 8.Qxd5
Nxd5 9.O-O Be7 10.Rd1 O-O 11.Nbd2 Bd7 12.Nc4 1/2-1/2

[Event "Schuhplattler Ladies-Veterans"]
[Site "Munich GER"]
[Date "2000.07.07"]
[Round "4"]
[White "Bouwmeester, Hans"]
[Black "Galliamova-Ivanchuk, Alisa"]
[Result "0-1"]
[WhiteElo "2414"]
[BlackElo "2526"]
[EventDate "2000.07.04"]
[PlyCount "76"]

1.d4 d5 2.Nf3 Nf6 3.c4 c6 4.cxd5 cxd5 5.Nc3 Nc6 6.Bf4 e6 7.e3 Nh5 8.Bg5 
Qb6 9.a3 h6 10.Bh4 g5 11.Bg3 Nxg3 12.hxg3 Bg7 13.Bd3 a6 14.b4 Qd8 15.Rc1 
Bd7 16.Qb3 Kf8 17.Na4 g4 18.Nd2 b6 19.Nc3 Kg8 20.Ne2 h5 21.Nf4 Qg5 22.Rh4 
Be8 23.Kf1 b5 24.Rc3 Rh6 25.Qc2 e5 26.dxe5 Qxe5 27.Rc5 Rd8 28.Nb1 Bf8 29.
Rc3 d4 30.exd4 Nxd4 31.Qc1 Ne6 32.Qe3 Qxe3 33.fxe3 Nxf4 34.gxf4 Bg7 35.Rb3
f5 36.Bxf5 Bf7 37.Rd3 Bc4 38.Ke2 Rhd6 0-1

[Event "Schuhplattler Ladies-Veterans"]
[Site "Munich GER"]
[Date "2000.07.10"]
[Round "6"]
[White "Smyslov, Vassily"]
[Black "Galliamova-Ivanchuk, Alisa"]
[Result "1/2-1/2"]
[WhiteElo "2486"]
[BlackElo "2526"]
[EventDate "2000.07.04"]
[PlyCount "86"]

1.e4 c5 2.c3 d5 3.exd5 Qxd5 4.d4 g6 5.Nf3 Bg7 6.Be3 Nh6 7.Qb3 Qd8 8.Bb5+ 
Nd7 9.dxc5 O-O 10.O-O Ng4 11.Bxd7 Qxd7 12.Bg5 Qc7 13.h3 Nf6 14.Qa3 Be6 15.
Nbd2 Rfc8 16.Rfe1 Qxc5 17.Qxc5 Rxc5 18.Nb3 Rb5 19.Bxf6 Bxf6 20.Nfd4 Bxd4 
21.Nxd4 Rxb2 22.Nxe6 fxe6 23.Rxe6 Rf8 24.Rf1 Rf7 25.a4 Rc2 26.Re3 Kf8 27.
f3 e6 28.Rd1 Re7 29.Rd6 Kf7 30.f4 Rc7 31.Rdxe6 R2xc3 32.Re7+ Rxe7 33.Rxc3 
Ke6 34.Kf2 Kd5 35.Kf3 b6 36.g4 a6 37.Rd3+ Ke6 38.Rb3 Rb7 39.Ke4 b5 40.axb5
Rxb5 41.Rc3 Rb4+ 42.Kf3 a5 43.Rc5 Rb3+ 1/2-1/2

[Event "Schuhplattler Ladies-Veterans"]
[Site "Munich GER"]
[Date "2000.07.10"]
[Round "6"]
[White "Bouwmeester, Hans"]
[Black "Xie Jun"]
[Result "0-1"]
[WhiteElo "2414"]
[BlackElo "2568"]
[EventDate "2000.07.04"]
[PlyCount "88"]

1.Nf3 Nf6 2.g3 g6 3.Bg2 Bg7 4.O-O d5 5.d4 O-O 6.c4 dxc4 7.Na3 Nc6 8.Nxc4 
Be6 9.b3 Bd5 10.Bb2 a5 11.Rc1 a4 12.bxa4 Ra6 13.a3 Qa8 14.a5 Rd8 15.e3 Ne8
16.Qe2 Nxa5 17.Nxa5 Rxa5 18.Nd2 Bxg2 19.Kxg2 e6 20.Nb1 c6 21.Bc3 Ra6 22.
Bb4 Nc7 23.Rfd1 Nd5 24.Rd3 h5 25.Rb3 e5 26.dxe5 Bxe5 27.Rd1 c5 28.e4 Nxb4 
29.Rxd8+ Qxd8 30.axb4 Rb6 31.b5 Rd6 32.Qc4 b6 33.Rf3 Qd7 34.Nc3 Bxc3 35.
Rxc3 Rd4 36.Qe2 Qe8 37.Re3 Rb4 38.e5 Qxb5 39.Qf3 Rb1 40.Re2 Rb3 41.Qa8+ 
Kg7 42.Re1 Qd7 43.e6 fxe6 44.Ra1 Qd5+ 0-1

[Event "Schuhplattler Ladies-Veterans"]
[Site "Munich GER"]
[Date "2000.07.11"]
[Round "7"]
[White "Ioseliani, Nana"]
[Black "Bouwmeester, Hans"]
[Result "1-0"]
[WhiteElo "2476"]
[BlackElo "2414"]
[EventDate "2000.07.04"]
[PlyCount "62"]

1.d4 Nf6 2.c4 e6 3.Nc3 Bb4 4.e3 O-O 5.Bd3 d5 6.Ne2 c5 7.cxd5 cxd4 8.exd4 
Nxd5 9.O-O Nc6 10.Be4 Bd6 11.Qd3 h6 12.a3 Nce7 13.Qf3 b6 14.Qh3 f5 15.Bxd5
Nxd5 16.Nxd5 exd5 17.Qf3 Ba6 18.Re1 f4 19.Qxd5+ Rf7 20.Bxf4 Bxf4 21.Nxf4 
Qxd5 22.Nxd5 Rd8 23.Ne7+ Kf8 24.Ng6+ Kg8 25.Ne7+ Kf8 26.Nc6 Rd6 27.Rac1 
Rc7 28.Nb4 Rxc1 29.Rxc1 Bb5 30.Rd1 a5 31.Na2 1-0

[Event "Schuhplattler Ladies-Veterans"]
[Site "Munich GER"]
[Date "2000.07.13"]
[Round "8"]
[White "Taimanov, Mark"]
[Black "Ioseliani, Nana"]
[Result "0-1"]
[WhiteElo "2418"]
[BlackElo "2476"]
[EventDate "2000.07.04"]
[PlyCount "94"]

1.c4 g6 2.Nc3 Bg7 3.g3 c5 4.Bg2 Nc6 5.a3 d6 6.Rb1 a5 7.d3 e6 8.e4 Nge7 9.
Nge2 O-O 10.O-O b6 11.Be3 Ba6 12.Qd2 Rb8 13.Bh6 Bxh6 14.Qxh6 b5 15.cxb5 
Bxb5 16.Rfd1 Ba6 17.d4 cxd4 18.Nxd4 Ne5 19.b3 Qb6 20.Qe3 Rfc8 21.h3 N7c6 
22.Na4 Qa7 23.Nc2 Qxe3 24.Nxe3 Bb5 25.Nb2 Be2 26.Rd2 Nf3+ 27.Bxf3 Bxf3 28.
Nbc4 Bxe4 29.Rf1 Ne5 30.Nxe5 dxe5 31.Ng4 Kg7 32.Nxe5 Rxb3 33.Rd7 Rb7 34.
Rd4 Bd5 35.Ra4 Rb5 36.Re1 Rc3 37.Rf4 Rb7 38.Ra4 h5 39.Rd4 Rxa3 40.Nd3 Rab3
41.g4 Rb1 42.gxh5 Rxe1+ 43.Nxe1 Rb1 44.Kf1 Bb3 45.Ke2 a4 46.Nd3 a3 47.Nc5 
Bd5 0-1

[Event "Schuhplattler Ladies-Veterans"]
[Site "Munich GER"]
[Date "2000.07.14"]
[Round "9"]
[White "Polgar, Zsofia"]
[Black "Taimanov, Mark"]
[Result "0-1"]
[WhiteElo "2501"]
[BlackElo "2418"]
[EventDate "2000.07.04"]
[PlyCount "230"]

1.e4 c5 2.Nf3 e6 3.d4 cxd4 4.Nxd4 Nc6 5.Nc3 a6 6.Be2 Nge7 7.Be3 Nxd4 8.
Qxd4 b5 9.O-O Nc6 10.Qd2 Be7 11.Rad1 Bb7 12.a4 b4 13.Na2 Qc7 14.c3 bxc3 
15.Qxc3 O-O 16.b4 Rfc8 17.Qd2 Ne5 18.Rc1 Qd8 19.f4 Ng6 20.Qd4 Rxc1 21.Nxc1
Bc6 22.b5 axb5 23.axb5 Bb7 24.Rd1 d5 25.exd5 Bxd5 26.f5 Nh4 27.fxe6 fxe6 
28.Qg4 Nf5 29.Bf2 Bh4 30.g3 Bf6 31.Bf3 Ne7 32.Bxd5 exd5 33.Qe6+ Kh8 34.Nb3
Qe8 35.b6 Qa4 36.b7 Rf8 37.Rc1 Qxb3 38.Rc8 Rg8 39.b8=Q Qxb8 40.Rxb8 Rxb8 
41.Bc5 h6 42.Qd7 Rb1+ 43.Kf2 Rb2+ 44.Kf3 Ng8 45.h4 d4 46.Bf8 Rb3+ 47.Kg2 
Rb8 48.Bc5 Rd8 49.Qg4 d3 50.Qd1 Bc3 51.Be3 d2 52.Kh3 Re8 53.Bxd2 Rd8 54.
Qc2 Bxd2 55.Qc7 Rd5 56.g4 Rd3+ 57.Kg2 Rd4 58.Kf3 Rd5 59.Qc8 Rd6 60.Ke4 Rf6
61.Kd3 Bf4 62.Ke4 Bg3 63.h5 Bd6 64.Ke3 Rf8 65.Qd7 Be7 66.Qe6 Bg5+ 67.Ke2 
Nf6 68.Qf5 Re8+ 69.Kf3 Re3+ 70.Kg2 Re8 71.Kf3 Rd8 72.Qe6 Nd5 73.Ke4 Nf4 
74.Qf7 Kh7 75.Kf3 Nd3 76.Ke4 Bf6 77.Ke3 Ne5 78.Qe6 Kh8 79.Ke2 Rd4 80.Qc8+ 
Kh7 81.Qf5+ Kg8 82.Qc8+ Kf7 83.Qb7+ Be7 84.Qb3+ Rc4 85.Qb5 Re4+ 86.Kd2 
Nxg4 87.Qd5+ Re6 88.Kd3 Nf6 89.Qf5 Rd6+ 90.Ke2 Rd5 91.Qc2 Rxh5 92.Qc4+ Kg6
93.Qc2+ Rf5 94.Qd3 h5 95.Qg3+ Ng4 96.Qd3 Bf6 97.Qe4 Kg5 98.Qd3 h4 99.Qd2+ 
Kh5 100.Qd3 g6 101.Qb3 Rf2+ 102.Ke1 Be5 103.Qd3 Bg3 104.Kd1 Rg2 105.Qd5+ 
Kh6 106.Qf3 Kh5 107.Qd5+ Be5 108.Qf3 Rg3 109.Qf7 h3 110.Qh7+ Nh6 111.Qe7 
Rg5 112.Qd7 Rf5 113.Qd3 h2 114.Qh3+ Kg5 115.Ke2 Ng4 0-1

[Event "Schuhplattler Ladies-Veterans"]
[Site "Munich GER"]
[Date "2000.07.14"]
[Round "9"]
[White "Xie Jun"]
[Black "Hort, Vlastimil"]
[Result "1/2-1/2"]
[WhiteElo "2568"]
[BlackElo "2539"]
[EventDate "2000.07.04"]
[PlyCount "54"]

1.e4 e5 2.Nf3 Nc6 3.Bb5 a6 4.Ba4 Nf6 5.d3 d6 6.c3 Bd7 7.O-O g6 8.Be3 Bg7 
9.h3 O-O 10.Nbd2 Re8 11.Re1 Nh5 12.d4 Nf4 13.Nf1 Qe7 14.b4 Red8 15.Bb3 Qf6
16.a3 h6 17.Ra2 Re8 18.dxe5 Nxe5 19.Nxe5 Qxe5 20.Ng3 Bc6 21.Rd2 Re7 22.h4 
Qf6 23.h5 Nxh5 24.Nxh5 gxh5 25.Bd4 Qg6 26.Bxg7 Kxg7 27.Rde2 Rae8 1/2-1/2